[Event "COL-ch U16 Norte"]
[Site "Valledupar"]
[Date "2012.03.31"]
[Round "6"]
[White "Mejia Hernandez, Daniel"]
[Black "Fontalvo, Juan Carlos"]
[Result "0-1"]
[WhiteElo "1275"]
[BlackElo "1630"]
[PlyCount "34"]
[EventDate "2012.03.29"]
[EventType "swiss"]
[EventRounds "7"]
[EventCountry "COL"]
[SourceTitle "EXT 2013"]
[Source "ChessBase"]
[SourceDate "2012.11.22"]
[SourceVersion "1"]
[SourceVersionDate "2012.11.22"]
[SourceQuality "1"]

1. e4 c5 2. Nf3 d6 3. Nc3 Nf6 4. Bb5+ Nc6 5. Bxc6+ bxc6 6. 0-0 g6 7. d3 Bg7 8. Bd2 0-0 9. Re1 Rb8 10. Rb1 Re8 11. e5 dxe5 12. Nxe5 Qc7 13. Qf3 Bb7 14. Bf4 Nh5 15. Nxc6 Nxf4 16. Nxb8 Bxf3 17. gxf3 Rxb8 0-1

[Event "COL-ch U16 Norte"]
[Site "Valledupar"]
[Date "2012.03.29"]
[Round "2"]
[White "Fontalvo, Juan Carlos"]
[Black "Henao Nino, Cristian Ornandy"]
[Result "1/2-1/2"]
[WhiteElo "1630"]
[BlackElo "1713"]
[PlyCount "67"]
[EventDate "2012.03.29"]
[EventType "swiss"]
[EventRounds "7"]
[EventCountry "COL"]
[SourceTitle "EXT 2013"]
[Source "ChessBase"]
[SourceDate "2012.11.22"]
[SourceVersion "1"]
[SourceVersionDate "2012.11.22"]
[SourceQuality "1"]

1. e4 e5 2. Nf3 Nf6 3. Nc3 Nc6 4. d4 exd4 5. Nxd4 d6 6. Bb5 Bd7 7. 0-0 Be7 8. Nf5 Ne5 9. Nxe7 Qxe7 10. Bxd7+ Qxd7 11. Re1 0-0 12. Bf4 Ng6 13. Bg3 a6 14. f3 Rfe8 15. Nd5 Nh5 16. Bf2 c6 17. Nb6 Qe6 18. Nxa8 Rxa8 19. Qd2 Ngf4 20. Bg3 Qh6 21. Bxf4 Nxf4 22. Kh1 Rd8 23. Rad1 Qf6 24. e5 Qf5 25. g4 Qg5 26. exd6 h5 27. Re4 Ne6 28. Qxg5 Nxg5 29. Re7 hxg4 30. fxg4 b5 31. d7 Kf8 32. Rde1 Ne6 33. R7xe6 fxe6 34. Rxe6 1/2-1/2